000 00787nam a2200253Ia 4500
003 PE SENCICO BE
005 20260219160613.0
008 200515s9999 xx 000 0 und d
020 _a978-9972-209-90-1
040 _aPE SENCICO BE
_cPE SENCICO BE
041 _aspa
082 _a721.822
_bL5
110 1 _aLexus editores
_988
_eautor
245 1 0 _aEl gran libro de las puertas /
_cLexus Editores
250 _a1a ed.
260 _aLima :
_bLexus ;
_c2010
300 _a239 páginas :
_bilustraciones a color, láminas, tablas, gráficos ;
_c33 cm.
500 _aEn la cubierta: clásico, moderno, rústico.
650 1 0 _aPuertas
_9337
650 2 0 _aCerrajería
_9338
650 2 0 _aDiseño de interiores
_9315
700 1 _aAsensio, Óscar
_918
_eeditor
942 _cLIB
_2ddc
999 _c2297
_d2297